| 000 | 00815cam a22002531 4500 | ||
|---|---|---|---|
| 001 | 16672 | ||
| 003 | BD-RjUL | ||
| 005 | 20211209000034.0 | ||
| 008 | 140215s1964 nyu 001 0 eng | ||
| 035 | _a(BD-RjUL)16727 | ||
| 040 |
_aDLC _cWa _dDLC _dBD-RjUL _beng |
||
| 041 | _aeng | ||
| 082 | 0 | 0 |
_a808.06 _bEHW 1964 |
| 100 | 1 |
_aEhrlich, Eugene, _d1922-2008. _92578 |
|
| 245 | 1 | 0 |
_aWriting and researching term papers and reports : _ba new guide for students / _cby Eugene Ehrlich and Daniel Murphy. |
| 260 |
_aToronto; _aNew York : _bBantam Books, _c[1964] |
||
| 300 |
_aviii, 149 p. : _bill. ; _c18 cm. |
||
| 650 | 0 |
_aAcademic writing. _91514 |
|
| 650 | 0 |
_aReport writing. _951498 |
|
| 700 | 1 |
_aMurphy, Daniel _d1921- _ejoint author. _951499 |
|
| 942 |
_2ddc _cRAR |
||
| 999 |
_c16672 _d16672 |
||